000
00331nam a2200133Ia 4500
008
240624s9999 xx 000 0 und d
041
_a
eng
082
_a
332 SEN
100
_a
SEN SUNANDA
245
_a
DOMINANT FINANCE AND STAGNANT ECONOMIES
260
_c
2014
_a
New Delhi
_b
Oxford Indian
300
_a
424 : p.
365
_c
RS
_b
31
999
_c
23218
_d
23218